[Event "Scarborough CC Spring Into Summer U1700"]
[Site "Toronto CAN"]
[Date "2011.06.16"]
[Round "7"]
[White "Graham, John"]
[Black "Guo, Tan"]
[Result "0-1"]
[WhiteElo "1402"]
[BlackElo "1538"]
[PlyCount "80"]
[GameId "2160767909770431"]
[EventDate "2011.04.28"]
[EventType "swiss"]
[EventRounds "9"]
[EventCountry "CAN"]
[SourceTitle "EXT 2022"]
[Source "ChessBase"]
[SourceDate "2021.10.06"]
[SourceVersion "1"]
[SourceVersionDate "2021.10.06"]
[SourceQuality "1"]

1. c4 e5 2. g3 Nf6 3. Bg2 d5 4. d3 c6 5. cxd5 cxd5 6. a3 Nc6 7. Nc3 Be6 8. Bg5 Be7 9. Nf3 h6 10. Bxf6 Bxf6 11. Nd2 O-O 12. O-O Qd7 13. Nb3 Be7 14. Rc1 Rac8 15. e3 Rfd8 16. d4 e4 17. Ne2 Bg4 18. Qd2 Bh3 19. Nc5 Bxc5 20. Rxc5 b6 21. Bxh3 Qxh3 22. Nf4 Qf5 23. Rc3 Na5 24. Rfc1 Nc4 25. Qc2 b5 26. b3 Nb6 27. Rc5 g5 28. Nh5 Rxc5 29. dxc5 Nd7 30. c6 Ne5 31. c7 Rc8 32. Qe2 Nf3+ 33. Kg2 Qg6 34. g4 Qd6 35. Ng3 Rxc7 36. Rxc7 Qxc7 37. Qxb5 Qc1 38. Nf1 Qd1 39. h3 Kg7 40. b4 Nh4+ 0-1

[Event "Scarborough CC Spring Into Summer U1700"]
[Site "Toronto CAN"]
[Date "2011.06.16"]
[Round "7"]
[White "Kurkowski, Ken"]
[Black "Smith, Maurice"]
[Result "1/2-1/2"]
[WhiteElo "1516"]
[BlackElo "1577"]
[PlyCount "118"]
[GameId "2160767909770432"]
[EventDate "2011.04.28"]
[EventType "swiss"]
[EventRounds "9"]
[EventCountry "CAN"]
[SourceTitle "EXT 2022"]
[Source "ChessBase"]
[SourceDate "2021.10.06"]
[SourceVersion "1"]
[SourceVersionDate "2021.10.06"]
[SourceQuality "1"]

1. d4 Nf6 2. Nf3 d5 3. e3 Bg4 4. c4 c6 5. Nc3 e6 6. Qb3 Qc7 7. Be2 Nbd7 8. Bd2 Be7 9. O-O O-O 10. cxd5 exd5 11. Rac1 a6 12. Nxd5 Nxd5 13. Qxd5 Be6 14. Qe4 Qd6 15. a3 Nf6 16. Qb1 Qb8 17. Ne5 Bd6 18. Bc3 Bd5 19. Bf3 Bxf3 20. Nxf3 Ne4 21. Qxe4 Re8 22. Qd3 Qd8 23. Rfd1 Qe7 24. h3 Rad8 25. Qc2 g6 26. Ba5 Rc8 27. Bb6 Qe6 28. Bc5 Bb8 29. Qd3 Rcd8 30. Qc4 Qf5 31. Ne5 Bxe5 32. dxe5 Qxe5 33. Rxd8 Rxd8 34. Bd4 Qe8 35. Qc3 Rd7 36. f3 Qe6 37. e4 Qd6 38. Be5 Qe6 39. Bh8 f5 40. Qf6 Qe8 41. Rc5 Rf7 42. Re5 Qf8 43. Qe6 Kxh8 44. exf5 Rxf5 45. Rxf5 gxf5 46. Qe5+ Kg8 47. Qe6+ Qf7 48. Qxf7+ Kxf7 49. f4 c5 50. Kf2 b5 51. Ke3 Ke6 52. g4 a5 53. g5 Kf7 54. h4 Kg6 55. Kd3 h6 56. Kc3 hxg5 57. hxg5 Kh5 58. b4 axb4+ 59. axb4 c4 1/2-1/2

[Event "Scarborough CC Spring Into Summer U1700"]
[Site "Toronto CAN"]
[Date "2011.06.16"]
[Round "7"]
[White "Li, Michael"]
[Black "Liang, Phillip"]
[Result "1/2-1/2"]
[WhiteElo "1479"]
[BlackElo "1284"]
[PlyCount "94"]
[GameId "2160767909770433"]
[EventDate "2011.04.28"]
[EventType "swiss"]
[EventRounds "9"]
[EventCountry "CAN"]
[SourceTitle "EXT 2022"]
[Source "ChessBase"]
[SourceDate "2021.10.06"]
[SourceVersion "1"]
[SourceVersionDate "2021.10.06"]
[SourceQuality "1"]

1. e4 e5 2. Nf3 Nc6 3. d4 exd4 4. Nxd4 Nf6 5. Nxc6 bxc6 6. e5 Nd5 7. c4 Ne7 8. Nc3 Ng6 9. Qd4 d6 10. Bf4 dxe5 11. Bxe5 Qxd4 12. Bxd4 Be6 13. O-O-O f6 14. g3 Bd6 15. Re1 Kf7 16. f4 c5 17. Bf2 Rab8 18. Ne4 Rb4 19. b3 a6 20. Nxc5 Bxc5 21. Bxc5 Rbb8 22. Bg2 Rhd8 23. f5 Bxf5 24. Bd5+ Rxd5 25. cxd5 Rd8 26. Rd1 Be4 27. Rhe1 Bxd5 28. Kb2 Ne5 29. Re3 c6 30. Rd4 Rb8 31. Rb4 Rb5 32. Rxb5 axb5 33. a4 bxa4 34. Rxe5 fxe5 35. bxa4 g5 36. Kc3 Kf6 37. a5 Be6 38. a6 Bc8 39. a7 Bb7 40. Kb4 Ke6 41. Ka5 Kd7 42. Kb6 Kc8 43. h4 gxh4 44. gxh4 h5 45. Ka5 Ba8 46. Kb4 Kb7 47. Kc4 Ka6 1/2-1/2

[Event "Scarborough CC Spring Into Summer U1700"]
[Site "Toronto CAN"]
[Date "2011.06.16"]
[Round "7"]
[White "Lin, William"]
[Black "Lin, Benjamin1"]
[Result "1/2-1/2"]
[WhiteElo "1384"]
[BlackElo "1138"]
[PlyCount "90"]
[GameId "2160767909770434"]
[EventDate "2011.04.28"]
[EventType "swiss"]
[EventRounds "9"]
[EventCountry "CAN"]
[SourceTitle "EXT 2022"]
[Source "ChessBase"]
[SourceDate "2021.10.06"]
[SourceVersion "1"]
[SourceVersionDate "2021.10.06"]
[SourceQuality "1"]

1. e4 c5 2. Nf3 Nc6 3. Nc3 Nf6 4. Bc4 e6 5. O-O d6 6. Re1 Be7 7. e5 dxe5 8. Bb5 Bd7 9. Bxc6 Bxc6 10. Nxe5 Bd5 11. Nxd5 Nxd5 12. c3 O-O 13. d4 cxd4 14. Qxd4 Bf6 15. Qd3 Bxe5 16. Rxe5 Qf6 17. Re1 Rad8 18. Qg3 Qg6 19. Qxg6 hxg6 20. h3 Rfe8 21. Bg5 f6 22. Bh4 g5 23. Bg3 e5 24. f3 Kf7 25. Rad1 Nb6 26. b3 Ke6 27. c4 Kf5 28. Rxd8 Rxd8 29. Re2 Re8 30. Re4 Rd8 31. Re2 Rd1+ 32. Kh2 Rd8 33. Bf2 Re8 34. Bxb6 axb6 35. Rd2 e4 36. fxe4+ Rxe4 37. Kg3 Re3+ 38. Kf2 Re7 39. Rd5+ Ke6 40. g4 Rd7 41. Rb5 Rd6 42. Ke2 Ke7 43. a4 Ke6 44. b4 g6 45. Ke3 f5 1/2-1/2

[Event "Scarborough CC Spring Into Summer U1700"]
[Site "Toronto CAN"]
[Date "2011.06.16"]
[Round "7"]
[White "Malyuzhinets, Dmitry"]
[Black "Souchko, Larissa"]
[Result "1-0"]
[WhiteElo "1298"]
[BlackElo "1151"]
[PlyCount "36"]
[GameId "2160767909770435"]
[EventDate "2011.04.28"]
[EventType "swiss"]
[EventRounds "9"]
[EventCountry "CAN"]
[SourceTitle "EXT 2022"]
[Source "ChessBase"]
[SourceDate "2021.10.06"]
[SourceVersion "1"]
[SourceVersionDate "2021.10.06"]
[SourceQuality "1"]

1. c4 Nf6 2. Nc3 g6 3. d4 Bg7 4. e4 d6 5. Bg5 e6 6. e5 dxe5 7. dxe5 Qxd1+ 8. Rxd1 a6 9. exf6 O-O 10. fxg7 Kxg7 11. Rd8 Nc6 12. Rxf8 Kxf8 13. Bf6 b6 14. g3 Bb7 15. Bg2 Rb8 16. Nge2 Ne7 17. Bxe7+ Kxe7 18. Bxb7 Rxb7 1-0

[Event "Scarborough CC Spring Into Summer U1700"]
[Site "Toronto CAN"]
[Date "2011.06.16"]
[Round "7"]
[White "Ming, Wenyang"]
[Black "Wu, Mark"]
[Result "1-0"]
[WhiteElo "1209"]
[BlackElo "1052"]
[PlyCount "101"]
[GameId "2160767909770437"]
[EventDate "2011.04.28"]
[EventType "swiss"]
[EventRounds "9"]
[EventCountry "CAN"]
[SourceTitle "EXT 2022"]
[Source "ChessBase"]
[SourceDate "2021.10.06"]
[SourceVersion "1"]
[SourceVersionDate "2021.10.06"]
[SourceQuality "1"]

1. e4 e5 2. Nf3 Nc6 3. Bc4 Be7 4. Nc3 Nf6 5. d3 h6 6. O-O O-O 7. h3 d6 8. Be3 Re8 9. Qd2 Be6 10. Bb5 Qd7 11. d4 a6 12. Bxc6 Qxc6 13. d5 Qc4 14. dxe6 Qxe6 15. a3 Rad8 16. Rad1 Rd7 17. Rfe1 Red8 18. Qe2 d5 19. exd5 Nxd5 20. Bd2 Nxc3 21. Bxc3 Rxd1 22. Rxd1 Rxd1+ 23. Qxd1 e4 24. Nd2 e3 25. fxe3 Qxe3+ 26. Kh1 Bg5 27. Nf3 Bf4 28. Bd2 Qe4 29. Bxf4 Qxf4 30. Qd2 Qxd2 31. Nxd2 Kh7 32. Kh2 Kg6 33. Kg3 f5 34. Kf4 Kf6 35. g4 g5+ 36. Kf3 fxg4+ 37. Kxg4 Kg6 38. Nc4 h5+ 39. Kf3 Kf5 40. Ne3+ Kg6 41. Ke4 h4 42. Ke5 Kh5 43. Ke6 g4 44. Nxg4 b5 45. Kd5 Kg5 46. Kc6 Kf4 47. Nh6 Kg3 48. Nf5+ Kxh3 49. Nxh4 Kxh4 50. Kxc7 Kg4 51. Kb6 1-0

[Event "Scarborough CC Spring Into Summer U1700"]
[Site "Toronto CAN"]
[Date "2011.06.16"]
[Round "7"]
[White "Patel, Saiyam"]
[Black "Feng, Richard"]
[Result "0-1"]
[WhiteElo "926"]
[BlackElo "1021"]
[PlyCount "62"]
[GameId "2160767909770438"]
[EventDate "2011.04.28"]
[EventType "swiss"]
[EventRounds "9"]
[EventCountry "CAN"]
[SourceTitle "EXT 2022"]
[Source "ChessBase"]
[SourceDate "2021.10.06"]
[SourceVersion "1"]
[SourceVersionDate "2021.10.06"]
[SourceQuality "1"]

1. e3 c5 2. Bc4 Nf6 3. Qe2 d6 4. Nf3 g6 5. Ng5 Be6 6. Bb5+ Nc6 7. d4 Bg7 8. d5 Bxd5 9. b3 O-O 10. Bb2 Bxg2 11. Rg1 Bd5 12. f3 Qa5+ 13. c3 a6 14. Ba4 b5 15. b4 Qxa4 16. Rh1 Bc4 17. Qf2 Nd5 18. h4 cxb4 19. Qh2 bxc3 20. h5 c2 21. hxg6 Qb4+ 22. Kf2 h6 23. gxf7+ Rxf7 24. Ne6 Qxb2 25. Qxh6 c1=Q+ 26. Kg3 Bxh6 27. Nc3 Qxe3 28. Ne4 Qxf3+ 29. Kh4 Qbg2 30. Nf6+ Rxf6 31. Nf4 Rxf4# 0-1

[Event "Scarborough CC Spring Into Summer U1700"]
[Site "Toronto CAN"]
[Date "2011.06.16"]
[Round "7"]
[White "Song, Eric"]
[Black "Liao, Jacky"]
[Result "0-1"]
[WhiteElo "1488"]
[BlackElo "1222"]
[PlyCount "88"]
[GameId "2160767909770439"]
[EventDate "2011.04.28"]
[EventType "swiss"]
[EventRounds "9"]
[EventCountry "CAN"]
[SourceTitle "EXT 2022"]
[Source "ChessBase"]
[SourceDate "2021.10.06"]
[SourceVersion "1"]
[SourceVersionDate "2021.10.06"]
[SourceQuality "1"]

1. e4 d6 2. d4 Nf6 3. Nc3 g6 4. Nf3 Bg7 5. Be2 O-O 6. O-O e5 7. Bg5 Nc6 8. Qd2 exd4 9. Nxd4 Nxd4 10. Qxd4 Nxe4 11. Qxg7+ Kxg7 12. Bxd8 Nxc3 13. bxc3 Rxd8 14. Rfe1 Be6 15. Bf3 Rab8 16. a3 b5 17. Rab1 Bc4 18. Re7 Re8 19. Rxc7 a5 20. h3 Rbc8 21. Ra7 a4 22. Bg4 Rc5 23. Ra5 Rce5 24. Kh2 Re1 25. Rb2 R8e7 26. Ra8 Ra1 27. Rd8 Rxa3 28. Rxd6 Rxc3 29. Rd2 a3 30. Rb1 a2 31. Ra1 Ra7 32. f4 Ra4 33. Be2 Be6 34. Bd3 Rb4 35. Rdd1 Rxf4 36. Kg1 Rc5 37. Re1 Rb4 38. Rec1 Rb2 39. Kf1 Bf5 40. Ke2 b4 41. g4 Bxd3+ 42. Kxd3 b3 43. c4 Rh2 44. Kc3 b2 0-1

[Event "Scarborough CC Spring Into Summer U1700"]
[Site "Toronto CAN"]
[Date "2011.06.16"]
[Round "7"]
[White "Stroempl, Hedi"]
[Black "Xiao, Jerry"]
[Result "1-0"]
[WhiteElo "1067"]
[BlackElo "930"]
[PlyCount "79"]
[GameId "2160767909770440"]
[EventDate "2011.04.28"]
[EventType "swiss"]
[EventRounds "9"]
[EventCountry "CAN"]
[SourceTitle "EXT 2022"]
[Source "ChessBase"]
[SourceDate "2021.10.06"]
[SourceVersion "1"]
[SourceVersionDate "2021.10.06"]
[SourceQuality "1"]

1. e4 e5 2. Nf3 Nc6 3. Nc3 d6 4. Bb5 Bd7 5. d3 Qe7 6. O-O O-O-O 7. Be3 Nf6 8. Bxc6 Bxc6 9. Bxa7 b6 10. a4 Kb7 11. Nb5 g6 12. c4 Bd7 13. Qd2 Ra8 14. a5 Bxb5 15. cxb5 Rxa7 16. Rfc1 bxa5 17. Rxa5 h5 18. Rxa7+ Kxa7 19. Qa5+ Kb8 20. b6 Kb7 21. Rxc7+ Qxc7 22. bxc7 Bh6 23. Qc3 Rc8 24. h3 Rxc7 25. Qb4+ Kc6 26. Qc4+ Kb7 27. Qb4+ Ka7 28. Qa5+ Kb7 29. Qb4+ Kc8 30. Qxd6 Rc1+ 31. Kh2 Bf4+ 32. g3 Ne8 33. Qe7 Nc7 34. Nxe5 Bxe5 35. Qxe5 Rc2 36. Kg2 Rxb2 37. Qxb2 Na6 38. Kf1 Nb8 39. Qh8+ Kc7 40. Qf8 1-0

[Event "Scarborough CC Spring Into Summer U1700"]
[Site "Toronto CAN"]
[Date "2011.06.16"]
[Round "7"]
[White "Termeer, Ted"]
[Black "Pishdad, Hassan"]
[Result "1-0"]
[WhiteElo "1404"]
[BlackElo "1270"]
[PlyCount "113"]
[GameId "2160767909770441"]
[EventDate "2011.04.28"]
[EventType "swiss"]
[EventRounds "9"]
[EventCountry "CAN"]
[SourceTitle "EXT 2022"]
[Source "ChessBase"]
[SourceDate "2021.10.06"]
[SourceVersion "1"]
[SourceVersionDate "2021.10.06"]
[SourceQuality "1"]

1. Nf3 c5 2. e4 d6 3. h3 Nc6 4. c4 g6 5. Nc3 Bg7 6. Be2 e6 7. O-O Nge7 8. d3 h6 9. Be3 O-O 10. Qd2 Kh7 11. Rab1 f5 12. exf5 Nxf5 13. Nh2 Nxe3 14. fxe3 Qg5 15. Ne4 Qe7 16. Rxf8 Bxf8 17. Rf1 Bd7 18. Ng4 Bg7 19. Ngf6+ Bxf6 20. Nxf6+ Kg7 21. Nxd7 Qxd7 22. Qc3+ e5 23. Bg4 Qe7 24. Qe1 h5 25. Bf3 Rc8 26. Bd5 Nd8 27. Qg3 Rc7 28. Rf3 b6 29. Qf2 a6 30. b3 b5 31. h4 b4 32. Qg3 Kh6 33. Be4 g5 34. hxg5+ Qxg5 35. Qxg5+ Kxg5 36. Rf5+ Kg4 37. Rf6 Nf7 38. Bd5 Kg5 39. Rxf7 Rxf7 40. Bxf7 h4 41. Be6 Kf6 42. Bd5 Kf5 43. Kf2 Kg4 44. Be6+ Kg5 45. Kf3 Kf6 46. Bh3 Kg5 47. Ke4 Kf6 48. Kd5 Ke7 49. Kc6 a5 50. Kb5 Kd8 51. Kxa5 Kc7 52. Ka6 Kc6 53. Bg4 Kc7 54. Ka7 Kc6 55. Kb8 Kb6 56. Kc8 Kc6 57. Kd8 1-0

[Event "Scarborough CC Spring Into Summer U1700"]
[Site "Toronto CAN"]
[Date "2011.06.16"]
[Round "7"]
[White "Thanabalachandran, Luxiga"]
[Black "Yu, Tianxi"]
[Result "1/2-1/2"]
[WhiteElo "838"]
[BlackElo "1039"]
[PlyCount "132"]
[GameId "2160767909770442"]
[EventDate "2011.04.28"]
[EventType "swiss"]
[EventRounds "9"]
[EventCountry "CAN"]
[SourceTitle "EXT 2022"]
[Source "ChessBase"]
[SourceDate "2021.10.06"]
[SourceVersion "1"]
[SourceVersionDate "2021.10.06"]
[SourceQuality "1"]

1. e4 e5 2. Nf3 Nc6 3. Bb5 d6 4. Nc3 Bd7 5. O-O Nf6 6. d3 a6 7. Ba4 g6 8. Bg5 Bg7 9. Re1 Na7 10. Bxd7+ Qxd7 11. h3 Nb5 12. Nd5 Nxd5 13. exd5 c6 14. dxc6 bxc6 15. d4 f6 16. Bh4 O-O 17. dxe5 fxe5 18. Qd3 Qf5 19. Qc4+ Kh8 20. Qxc6 Qc8 21. Qxc8 Raxc8 22. c3 Bf6 23. Bxf6+ Rxf6 24. Re4 Rf4 25. Rxf4 exf4 26. Nd4 Nxd4 27. cxd4 Kg7 28. Kf1 Kf6 29. Ke2 Rb8 30. Rb1 h5 31. Kf3 Kf5 32. g4+ fxg3 33. fxg3 g5 34. b3 Rb4 35. Rd1 d5 36. g4+ hxg4+ 37. hxg4+ Kg6 38. Ke3 a5 39. Rd2 a4 40. bxa4 Rxa4 41. Kd3 Ra3+ 42. Ke2 Rg3 43. Rd3 Rxg4 44. a4 Re4+ 45. Kf3 Re6 46. Rb3 Ra6 47. Ra3 Kf5 48. Kg3 Ke4 49. Kg4 Kxd4 50. Kxg5 Kc4 51. Kf4 Kd4 52. Kf3 Ra5 53. Ke2 Ke4 54. Re3+ Kd4 55. Rd3+ Kc4 56. Ra3 Kb4 57. Ra1 Kb3 58. Ke3 Kb2 59. Rd1 Kc3 60. Ra1 d4+ 61. Ke2 d3+ 62. Kd1 d2 63. Ra2 Rh5 64. Rxd2 Ra5 65. Rc2+ Kb3 66. Re2 Rxa4 1/2-1/2

[Event "Scarborough CC Spring Into Summer U1700"]
[Site "Toronto CAN"]
[Date "2011.06.16"]
[Round "7"]
[White "Zhang, Taylor"]
[Black "Karpik, Steve"]
[Result "1/2-1/2"]
[WhiteElo "1102"]
[BlackElo "1483"]
[PlyCount "96"]
[GameId "2160767909770445"]
[EventDate "2011.04.28"]
[EventType "swiss"]
[EventRounds "9"]
[EventCountry "CAN"]
[SourceTitle "EXT 2022"]
[Source "ChessBase"]
[SourceDate "2021.10.06"]
[SourceVersion "1"]
[SourceVersionDate "2021.10.06"]
[SourceQuality "1"]

1. e4 d6 2. Nc3 Nf6 3. Nf3 g6 4. d4 Bg7 5. Bc4 O-O 6. O-O a6 7. Bg5 b5 8. Bb3 Bb7 9. Re1 Nbd7 10. e5 dxe5 11. dxe5 Ng4 12. e6 Ndf6 13. exf7+ Kh8 14. Qe2 Nh6 15. Rad1 Qc8 16. Qxe7 Nf5 17. Qe2 Nd6 18. Rxd6 cxd6 19. Qe7 Bxf3 20. Qxf6 Qg4 21. Qxf3 Qxg5 22. h3 h6 23. Qc6 Be5 24. Qe4 Qd2 25. Rd1 Qg5 26. Rf1 Qf4 27. Qxf4 Bxf4 28. Rd1 Rad8 29. a3 Be5 30. Ne2 Bxb2 31. Nf4 Bxa3 32. Nxg6+ Kg7 33. Nxf8 Kxf8 34. Ra1 b4 35. Rd1 a5 36. Rd3 a4 37. Bxa4 Kxf7 38. Bb3+ Kf6 39. Rf3+ Kg5 40. g3 Bb2 41. Bf7 Be5 42. Rd3 Kf6 43. f4 Bc3 44. Bc4 Ke7 45. Re3+ Kf8 46. Rd3 Ke7 47. Re3+ Kf8 48. Rd3 Ke7 1/2-1/2

[Event "Scarborough CC Spring Into Summer U1700"]
[Site "Toronto CAN"]
[Date "2011.06.23"]
[Round "7"]
[White "Karpik, Steve"]
[Black "Stroempl, Hedi"]
[Result "0-1"]
[WhiteElo "1483"]
[BlackElo "1067"]
[PlyCount "80"]
[GameId "2160767909770446"]
[EventDate "2011.04.28"]
[EventType "swiss"]
[EventRounds "9"]
[EventCountry "CAN"]
[SourceTitle "EXT 2022"]
[Source "ChessBase"]
[SourceDate "2021.10.06"]
[SourceVersion "1"]
[SourceVersionDate "2021.10.06"]
[SourceQuality "1"]

1. Nf3 d5 2. c4 Nf6 3. g3 e6 4. cxd5 Nxd5 5. Bg2 Bb4 6. a3 Bc5 7. b4 Bb6 8. Bb2 O-O 9. O-O c5 10. bxc5 Bxc5 11. d4 Bd6 12. e4 Nb6 13. Qb3 Nc6 14. a4 Re8 15. a5 Nd7 16. e5 Bc7 17. Rd1 Nxa5 18. Qd3 h6 19. Bc3 Rb8 20. Nbd2 b5 21. Rdb1 a6 22. Nb3 Nxb3 23. Rxb3 Nc5 24. Qc2 Nxb3 25. Qxb3 a5 26. Nd2 a4 27. Qa3 Bb7 28. Nf3 Qd7 29. Rd1 Ba6 30. Bb4 Rbc8 31. Qb2 Bb6 32. Bd6 Rc4 33. Nd2 Bxd4 34. Qb1 Rc3 35. Be4 g6 36. Nf3 Rb3 37. Qa2 Rb2 38. Qa1 Bc3 39. Ba3 Rd2 40. Nxd2 Bxa1 0-1

[Event "Scarborough CC Spring Into Summer U1700"]
[Site "Toronto CAN"]
[Date "2011.06.23"]
[Round "8"]
[White "Aghamalian, Leonid"]
[Black "Kurkowski, Ken"]
[Result "0-1"]
[WhiteElo "1484"]
[BlackElo "1516"]
[PlyCount "68"]
[GameId "2160767909770447"]
[EventDate "2011.04.28"]
[EventType "swiss"]
[EventRounds "9"]
[EventCountry "CAN"]
[SourceTitle "EXT 2022"]
[Source "ChessBase"]
[SourceDate "2021.10.06"]
[SourceVersion "1"]
[SourceVersionDate "2021.10.06"]
[SourceQuality "1"]

1. e4 e6 2. d4 d5 3. exd5 exd5 4. Nf3 Nc6 5. Bb5 Bd6 6. O-O Nge7 7. Nc3 O-O 8. Bd3 Bf5 9. Bxf5 Nxf5 10. Qd3 Qd7 11. Nb5 Rfe8 12. Nxd6 Nxd6 13. Ng5 Ne4 14. c3 h6 15. Nxe4 Rxe4 16. Bd2 Rae8 17. Rfe1 Qe6 18. f3 Rxe1+ 19. Rxe1 Qd7 20. Kf2 Rxe1 21. Kxe1 Qe6+ 22. Kf2 Ne7 23. Qb5 Qc8 24. Qc5 Qd7 25. Qxa7 Qb5 26. Qb8+ Kh7 27. Qxc7 Qxb2 28. Ke2 Qb5+ 29. Kf2 Qb2 30. Ke2 Qb5+ 31. Ke3 Nf5+ 32. Kf4 Qd3 33. Qe5 Qxd2+ 34. Kxf5 Qg5# 0-1

[Event "Scarborough CC Spring Into Summer U1700"]
[Site "Toronto CAN"]
[Date "2011.06.23"]
[Round "8"]
[White "Al Ganabi, Yasir"]
[Black "Termeer, Ted"]
[Result "0-1"]
[WhiteElo "1319"]
[BlackElo "1404"]
[PlyCount "74"]
[GameId "2160767909770448"]
[EventDate "2011.04.28"]
[EventType "swiss"]
[EventRounds "9"]
[EventCountry "CAN"]
[SourceTitle "EXT 2022"]
[Source "ChessBase"]
[SourceDate "2021.10.06"]
[SourceVersion "1"]
[SourceVersionDate "2021.10.06"]
[SourceQuality "1"]

1. e4 e5 2. Nf3 d6 3. Nc3 Nf6 4. Bc4 h6 5. d3 a6 6. O-O g5 7. Nd5 c6 8. Nxf6+ Qxf6 9. d4 Bg4 10. dxe5 dxe5 11. Be2 Be7 12. h3 Bh5 13. Qd3 O-O 14. Rd1 Bg6 15. Nh2 Rd8 16. Qe3 Rxd1+ 17. Bxd1 Nd7 18. g3 Rd8 19. Ng4 Qg7 20. b3 f6 21. Qf3 Qh7 22. c4 Bxe4 23. Qc3 Nc5 24. Be2 Nd3 25. f3 Nxc1 26. Rxc1 Bg6 27. a4 Kg7 28. Qa5 Qg8 29. Qc7 Qe8 30. Qxb7 Rb8 31. Qxa6 Rxb3 32. a5 Bc5+ 33. Kg2 Rb2 34. Kf1 Qd7 35. Nf2 Qd4 36. Kg1 Qxf2+ 37. Kh1 Rxe2 0-1

[Event "Scarborough CC Spring Into Summer U1700"]
[Site "Toronto CAN"]
[Date "2011.06.23"]
[Round "8"]
[White "Azizi, Hamid"]
[Black "Chen, George"]
[Result "1/2-1/2"]
[WhiteElo "1388"]
[BlackElo "1259"]
[PlyCount "83"]
[GameId "2160767909770449"]
[EventDate "2011.04.28"]
[EventType "swiss"]
[EventRounds "9"]
[EventCountry "CAN"]
[SourceTitle "EXT 2022"]
[Source "ChessBase"]
[SourceDate "2021.10.06"]
[SourceVersion "1"]
[SourceVersionDate "2021.10.06"]
[SourceQuality "1"]

1. d3 e5 2. g3 d5 3. Bg2 Nf6 4. Nf3 Bd6 5. Nc3 c6 6. Bg5 h6 7. Bh4 g5 8. Nxg5 hxg5 9. Bxg5 Be6 10. e4 d4 11. Ne2 Nbd7 12. f4 exf4 13. gxf4 Be7 14. Nxd4 Rg8 15. h4 Bg4 16. Bf3 Bxf3 17. Qxf3 Nh7 18. Ne6 Nxg5 19. Nxg5 Bxg5 20. hxg5 Qb6 21. O-O-O O-O-O 22. Rh7 f6 23. Rxd7 Rxd7 24. gxf6 Qd8 25. e5 Rg6 26. Qf2 b6 27. Qh4 Rd4 28. Qh3+ Kb8 29. Qf5 Rg8 30. c3 Rd5 31. c4 Qd7 32. f7 Rf8 33. Qxd7 Rxd7 34. e6 Re7 35. f5 Kc7 36. Rg1 Rexf7 37. exf7 Rxf7 38. f6 Rxf6 39. Rg7+ Kb8 40. Kc2 Rf8 41. Rd7 Rc8 42. d4 1/2-1/2

[Event "Scarborough CC Spring Into Summer U1700"]
[Site "Toronto CAN"]
[Date "2011.06.23"]
[Round "8"]
[White "Guo, Tan"]
[Black "Aghamalian, Derick"]
[Result "1-0"]
[WhiteElo "1538"]
[BlackElo "1577"]
[PlyCount "85"]
[GameId "2160767909770450"]
[EventDate "2011.04.28"]
[EventType "swiss"]
[EventRounds "9"]
[EventCountry "CAN"]
[SourceTitle "EXT 2022"]
[Source "ChessBase"]
[SourceDate "2021.10.06"]
[SourceVersion "1"]
[SourceVersionDate "2021.10.06"]
[SourceQuality "1"]

1. e4 e6 2. d4 d5 3. e5 c5 4. c3 Qb6 5. Nf3 Bd7 6. Be2 Bb5 7. O-O Bxe2 8. Qxe2 Nc6 9. Be3 cxd4 10. cxd4 Nge7 11. Rd1 Nf5 12. Nc3 Be7 13. Rac1 a6 14. a3 Nxe3 15. fxe3 f6 16. Kh1 fxe5 17. dxe5 Qc7 18. e4 d4 19. Nxd4 Nxd4 20. Rxd4 Qxe5 21. Rcd1 Rd8 22. Qd3 Rxd4 23. Qxd4 Qxd4 24. Rxd4 Bf6 25. Rb4 Bxc3 26. bxc3 b5 27. a4 Rf8 28. Kg1 bxa4 29. Rxa4 Rf4 30. g3 Rg4 31. Kf2 e5 32. Kf3 Rg6 33. Ra5 Rd6 34. c4 Kf7 35. Rd5 Kf6 36. Ke3 Rc6 37. Kd3 Ke6 38. c5 h6 39. Kc4 g6 40. h3 Kf6 41. Rd3 Ke6 42. Rb3 g5 43. Rb7 1-0

[Event "Scarborough CC Spring Into Summer U1700"]
[Site "Toronto CAN"]
[Date "2011.06.23"]
[Round "8"]
[White "Kaneshalingam, Mathanhe"]
[Black "Wu, Mark"]
[Result "1-0"]
[WhiteElo "856"]
[BlackElo "1052"]
[PlyCount "27"]
[GameId "2160767909770451"]
[EventDate "2011.04.28"]
[EventType "swiss"]
[EventRounds "9"]
[EventCountry "CAN"]
[SourceTitle "EXT 2022"]
[Source "ChessBase"]
[SourceDate "2021.10.06"]
[SourceVersion "1"]
[SourceVersionDate "2021.10.06"]
[SourceQuality "1"]

1. d4 d5 2. c4 Nf6 3. cxd5 Qxd5 4. Nc3 Qc6 5. e3 a6 6. Nf3 Bg4 7. Be2 Nbd7 8. O-O O-O-O 9. h3 Bh5 10. Bd2 Ne4 11. Nxe4 Qxe4 12. Rc1 e5 13. Qc2 Bxf3 14. Qxc7# 1-0

[Event "Scarborough CC Spring Into Summer U1700"]
[Site "Toronto CAN"]
[Date "2011.06.23"]
[Round "8"]
[White "Liao, Jacky"]
[Black "Graham, John"]
[Result "1-0"]
[WhiteElo "1222"]
[BlackElo "1402"]
[PlyCount "70"]
[GameId "2160767909770452"]
[EventDate "2011.04.28"]
[EventType "swiss"]
[EventRounds "9"]
[EventCountry "CAN"]
[SourceTitle "EXT 2022"]
[Source "ChessBase"]
[SourceDate "2021.10.06"]
[SourceVersion "1"]
[SourceVersionDate "2021.10.06"]
[SourceQuality "1"]

1. e4 b6 2. d4 Bb7 3. Nc3 d5 4. Nxd5 Bxd5 5. exd5 Qxd5 6. Qf3 Nf6 7. Bc4 Qe4+ 8. Qxe4 Nxe4 9. Bd5 Nxf2 10. Kxf2 c6 11. Bb3 e6 12. Bf4 Nd7 13. Nf3 Be7 14. Rhe1 a5 15. a4 O-O 16. Ne5 Nxe5 17. Bxe5 Rac8 18. Kf1 c5 19. dxc5 Bxc5 20. Rad1 Kh8 21. Bd6 Rfe8 22. Bxc5 Rxc5 23. Rd7 Rf5+ 24. Kg1 h6 25. Red1 Kh7 26. Rb7 f6 27. Rxb6 e5 28. c3 e4 29. Re1 Rfe5 30. Re3 Rd8 31. Re6 Re8 32. Rxe8 Rxe8 33. Rxe4 Rxe4 34. Bc2 f5 35. Bxe4 fxe4 1-0

[Event "Scarborough CC Spring Into Summer U1700"]
[Site "Toronto CAN"]
[Date "2011.06.23"]
[Round "8"]
[White "Lin, Benjamin1"]
[Black "Gandhi, Vishwa"]
[Result "1-0"]
[WhiteElo "1138"]
[BlackElo "1055"]
[PlyCount "83"]
[GameId "2160767909770453"]
[EventDate "2011.04.28"]
[EventType "swiss"]
[EventRounds "9"]
[EventCountry "CAN"]
[SourceTitle "EXT 2022"]
[Source "ChessBase"]
[SourceDate "2021.10.06"]
[SourceVersion "1"]
[SourceVersionDate "2021.10.06"]
[SourceQuality "1"]

1. c4 c5 2. Nf3 d6 3. g3 e5 4. e4 a6 5. d3 Nf6 6. Bg2 Nc6 7. Be3 Be6 8. O-O Be7 9. Nc3 b6 10. Nd5 Bxd5 11. cxd5 Nd4 12. Nxd4 cxd4 13. Bd2 O-O 14. Qf3 h6 15. Rac1 Nh7 16. Qg4 Qe8 17. Bxh6 Bf6 18. f4 exf4 19. Bxf4 Rd8 20. Rc6 Kh8 21. Rxd6 Rxd6 22. Bxd6 Rg8 23. Bf4 g5 24. Bd2 Qa4 25. a3 Qc2 26. Qd1 Qxd3 27. Bc1 Qb5 28. Rf3 Re8 29. Rb3 Qc5 30. Bd2 d3+ 31. Kh1 Qd4 32. Qg1 Qxg1+ 33. Kxg1 Bd4+ 34. Kf1 Nf6 35. Bxg5 Nxe4 36. Bxe4 Rxe4 37. Rxd3 Bxb2 38. d6 f6 39. d7 Kg7 40. d8=Q fxg5 41. Qxg5+ Kf7 42. Qf5+ 1-0